| 000 | 00734nam0a22002531 4500 | ||
|---|---|---|---|
| 001 | rc\128246 | ||
| 005 | 20021224181118.9 | ||
| 010 |
_a5-7534-0461-9 _91000 |
||
| 035 | _a(NLR Aleph) 006434472 | ||
| 090 |
_a5579678 _c5579678 |
||
| 100 | _a20021224d1995 u |0rusy50 ca | ||
| 101 | 0 | _arus | |
| 102 | _aRU | ||
| 105 | _ay ||||||||| | ||
| 200 | 1 | _aПроисхождение этнического термина "Русь" | |
| 210 |
_aВладикавказ _cИр _d1995 |
||
| 215 |
_a112 с. _d16 |
||
| 320 | _aБиблиогр.: с. 103-108 | ||
| 700 | 1 |
_aБзаев _bК. К. _gКайтико Кайсынович |
|
| 801 | 0 |
_aRU _bNLR _gpsbo |
|
| 801 | 1 |
_aRU _bELAR _2rusmarc |
|
| 852 |
_aNLR _j96-2/438 |
||
| 942 | _cBOOK | ||
| 980 | _aNB | ||